000 009130000a22001930004500
001 768714001
003 CO-MdFUSB
005 20240419105801.0
008 240419t2000 ag ||||| |||| 00| 0 spa d
040 _bspa
_cCO-MdFUSB
041 _aspa
245 _aCarta de CLADE II
300 _aVolumen 19, número 4 (noviembre - diciembre, 2000), páginas: 8 - 9
_c; 27 cm
520 _aMensaje del III Congreso Latinoamericano de Evangelización al pueblo evangélico de América Latina, en el cual expresa su anhelo porque Dios cumpla su propósito en el mundo, en su iglesia y en sus vidas, pero sobretodo que el pueblo latinoamericano escuche la voz de Dios.
650 0 _aIglesia y problemas sociales
_91177
650 7 _aTeología pastoral y unidad cristiana
_97183
773 0 _tIglesia y Misión
_049402
_959627
_gVolumen 19, número 4 (noviembre - diciembre, 2000), páginas: 8 - 9
_qpágina: 8
942 _cANA
999 _c52460
_d52460